Normal view MARC view
  • Rechsteiner, Martin.

Entry Personal Name

Number of records used in: 3

001 - CONTROL NUMBER

  • control field: 4360

003 - CONTROL NUMBER IDENTIFIER

  • control field: CBULib

005 - DATE AND TIME OF LATEST TRANSACTION

  • control field: 20250204131015.0

008 - FIXED-LENGTH DATA ELEMENTS

  • fixed length control field: 250204|| aca||aabn | a|a d

040 ## - CATALOGING SOURCE

  • Original cataloging agency: CBULib

100 ## - HEADING--PERSONAL NAME

  • Personal name: Rechsteiner, Martin.
  • Relator term: editor